[Event "Charleroi op"]
[Site "Charleroi"]
[Date "2018.08.04"]
[Round "9"]
[White "Okhotnik, Vladimir"]
[Black "Henris, Luc"]
[Result "1-0"]
[WhiteElo "2384"]
[BlackElo "2204"]
[PlyCount "87"]
[EventDate "2018.07.28"]
[EventType "swiss"]
[EventRounds "9"]
[EventCountry "BEL"]
[SourceTitle "CBM 185 Extra"]
[Source "ChessBase"]
[SourceDate "2018.07.29"]
[SourceVersion "1"]
[SourceVersionDate "2018.07.29"]
[SourceQuality "1"]

1. e4 e5 2. Nf3 d6 3. d4 exd4 4. Nxd4 Nf6 5. Nc3 Be7 6. Bd3 0-0 7. 0-0 Re8 8. Re1 c6 9. h3 Nbd7 10. Nf5 Bf8 11. Bg5 h6 12. Bh4 Nc5 13. Qf3 Bxf5 14. Qxf5 Nxd3 15. cxd3 Re6 16. d4 Qb6 17. d5 Re5 18. Qf3 Nd7 19. Rad1 c5 20. Re2 Ree8 21. Qd3 a6 22. Kh1 g6 23. f4 Bg7 24. Rf1 Qc7 25. Be1 b5 26. e5 c4 27. Qd1 dxe5 28. f5 Rad8 29. fxg6 fxg6 30. d6 Qc6 31. Nd5 Qxd6 32. Ba5 Nc5 33. Bxd8 Rxd8 34. Nc3 Nd3 35. Rc2 Qe6 36. Qf3 Rf8 37. Qe2 Rxf1+ 38. Qxf1 e4 39. Re2 Nxb2 40. Nxe4 Nd3 41. Nc5 Qd6 42. Re8+ Kh7 43. Qf7 h5 44. Ne6 1-0

[Event "Charleroi op"]
[Site "Charleroi"]
[Date "2016.08.05"]
[Round "8"]
[White "Scoriels, Michael"]
[Black "Henris, Luc"]
[Result "1/2-1/2"]
[WhiteElo "2073"]
[BlackElo "2170"]
[PlyCount "60"]
[EventDate "2016.07.30"]
[EventType "swiss"]
[EventRounds "9"]
[EventCountry "BEL"]
[SourceTitle "CBM 173 Extra"]
[Source "ChessBase"]
[SourceDate "2016.08.29"]
[SourceVersion "1"]
[SourceVersionDate "2016.08.29"]
[SourceQuality "1"]

1. e4 c5 2. Nf3 d6 3. d4 cxd4 4. Nxd4 Nf6 5. Nc3 g6 6. Be3 Bg7 7. Qd2 Nc6 8. f3 0-0 9. g4 Be6 10. h4 Nxd4 11. Bxd4 Qa5 12. Nb5 Qxd2+ 13. Kxd2 Nd7 14. Bxg7 Kxg7 15. Be2 Rfc8 16. b3 Ne5 17. Rh2 Bd7 18. Nd4 b5 19. f4 Nxg4 20. Bxg4 Bxg4 21. Nxb5 Bd7 22. Nd4 Rc5 23. Rg1 e5 24. Ne2 exf4 25. Nxf4 Rac8 26. Rc1 Re5 27. Re2 Bc6 28. Kd3 h5 29. c4 Kh6 30. Nd5 Kg7 1/2-1/2

[Event "Charleroi op"]
[Site "Charleroi"]
[Date "2016.08.04"]
[Round "7"]
[White "Henris, Luc"]
[Black "Philippe, Denis"]
[Result "1-0"]
[WhiteElo "2170"]
[BlackElo "2064"]
[PlyCount "27"]
[EventDate "2016.07.30"]
[EventType "swiss"]
[EventRounds "9"]
[EventCountry "BEL"]
[SourceTitle "CBM 173 Extra"]
[Source "ChessBase"]
[SourceDate "2016.08.29"]
[SourceVersion "1"]
[SourceVersionDate "2016.08.29"]
[SourceQuality "1"]

1. e4 c6 2. d4 d5 3. f3 Qb6 4. Nc3 dxe4 5. Bc4 e5 6. dxe5 Bc5 7. Kf1 Nd7 8. e6 fxe6 9. Nxe4 Ne5 10. Bb3 Nf6 11. Nd6+ Ke7 12. Nxc8+ Raxc8 13. Qe2 Qb5 14. c4 1-0

[Event "Lille Luce op 7th"]
[Site "Lille"]
[Date "2016.04.12"]
[Round "5"]
[White "Kveinys, Aloyzas"]
[Black "Henris, Luc"]
[Result "1-0"]
[WhiteElo "2542"]
[BlackElo "2149"]
[PlyCount "43"]
[EventDate "2016.04.09"]
[EventType "swiss"]
[EventRounds "7"]
[EventCountry "FRA"]
[SourceTitle "CBM 171 Extra"]
[Source "ChessBase"]
[SourceDate "2016.04.26"]
[SourceVersion "1"]
[SourceVersionDate "2016.04.26"]
[SourceQuality "1"]

1. d4 f5 2. Nc3 Nf6 3. Bg5 e6 4. e4 fxe4 5. Nxe4 Be7 6. Bxf6 Bxf6 7. Qh5+ g6 8. Qh6 Nc6 9. Nf3 Qe7 10. Nxf6+ Qxf6 11. 0-0-0 b6 12. Qe3 Ne7 13. d5 exd5 14. Rd4 0-0 15. Rd2 a5 16. Bd3 c5 17. Re1 Nc6 18. Bb5 Bb7 19. Qh6 Rf7 20. Rxd5 Nd4 21. Rxd4 Bxf3 22. Rd2 1-0

[Event "Lille Luce op 7th"]
[Site "Lille"]
[Date "2016.04.11"]
[Round "3"]
[White "Marechal, Georges"]
[Black "Henris, Luc"]
[Result "0-1"]
[WhiteElo "1721"]
[BlackElo "2149"]
[PlyCount "44"]
[EventDate "2016.04.09"]
[EventType "swiss"]
[EventRounds "7"]
[EventCountry "FRA"]
[SourceTitle "CBM 171 Extra"]
[Source "ChessBase"]
[SourceDate "2016.04.26"]
[SourceVersion "1"]
[SourceVersionDate "2016.04.26"]
[SourceQuality "1"]

1. e4 e5 2. Nf3 Nc6 3. Bb5 f5 4. 0-0 fxe4 5. Bxc6 dxc6 6. Nxe5 Nf6 7. d4 exd3 8. Qxd3 Qxd3 9. Nxd3 Bf5 10. Re1+ Be7 11. Nc5 0-0-0 12. Be3 Ng4 13. Nd3 Nxe3 14. Rxe3 Bc5 15. Rg3 Bxd3 16. cxd3 Rhf8 17. Rf3 Rxf3 18. gxf3 Rxd3 19. Nc3 Rxf3 20. Rf1 Bd4 21. Nd1 g5 22. Kg2 g4 0-1

[Event "BEL-chT 1516"]
[Site "Belgium"]
[Date "2016.01.31"]
[Round "6.6"]
[White "Kaufeld, Juergen"]
[Black "Henris, Luc"]
[Result "1-0"]
[WhiteElo "2318"]
[BlackElo "2163"]
[PlyCount "97"]
[EventDate "2015.09.27"]
[EventType "team-tourn"]
[EventRounds "11"]
[EventCountry "BEL"]
[SourceTitle "CBM 170 Extra"]
[Source "ChessBase"]
[SourceDate "2016.02.25"]
[SourceVersion "1"]
[SourceVersionDate "2016.02.25"]
[SourceQuality "1"]
[WhiteTeam "Eynatten"]
[BlackTeam "Namur"]
[WhiteTeamCountry "BEL"]
[BlackTeamCountry "BEL"]

1. d4 d5 2. Nf3 Nc6 3. c4 e5 4. dxe5 d4 5. a3 Nge7 6. Nbd2 Ng6 7. g3 Ngxe5 8. Bg2 Be7 9. 0-0 Nxf3+ 10. Nxf3 0-0 11. b4 Bf6 12. Bb2 Qe7 13. Qd2 Rd8 14. Rfd1 Bg4 15. Qc2 Rab8 16. Rd2 Bh5 17. Rad1 Bg6 18. Qc1 Bh5 19. Qa1 h6 20. h3 Qe6 21. c5 a6 22. Kh2 Bg6 23. Nxd4 Nxd4 24. Bxd4 Bxd4 25. Rxd4 Rxd4 26. Qxd4 Qxe2 27. Rd2 Qe1 28. Qf4 Qe7 29. Qg4 c6 30. Rd7 Qf6 31. Rxb7 Rxb7 32. Qc8+ Kh7 33. Qxb7 Qxf2 34. Qxc6 h5 35. h4 Qb2 36. Qf3 Qc2 37. c6 Kh6 38. Qf4+ Kh7 39. Qd4 Bf5 40. Qc5 Qxc5 41. bxc5 Bc8 42. Bd5 Kg6 43. Kg2 Kf6 44. Kf2 Ke7 45. Ke3 f6 46. Kd4 Bg4 47. c7 Bc8 48. Bc6 a5 49. Kc4 1-0

[Event "Charleroi op"]
[Site "Charleroi"]
[Date "2015.08.05"]
[Round "6"]
[White "Oganian, Miran"]
[Black "Henris, Luc"]
[Result "1-0"]
[WhiteElo "2380"]
[BlackElo "2162"]
[PlyCount "55"]
[EventDate "2015.08.01"]
[EventType "swiss"]
[EventRounds "9"]
[EventCountry "BEL"]
[SourceTitle "CBM 167 Extra"]
[Source "ChessBase"]
[SourceDate "2015.09.14"]
[SourceVersion "1"]
[SourceVersionDate "2015.09.14"]
[SourceQuality "1"]

1. d4 d5 2. c4 Bf5 3. cxd5 Bxb1 4. Qa4+ c6 5. dxc6 Nxc6 6. Rxb1 e5 7. Bd2 Qxd4 8. Qxd4 Nxd4 9. Rc1 Bd6 10. e3 Nc6 11. Bb5 Nge7 12. Nf3 0-0 13. Ng5 a6 14. Bd3 h6 15. Ne4 Bb4 16. Bxb4 Nxb4 17. Bb1 Rac8 18. Ke2 Rxc1 19. Rxc1 Rc8 20. Rd1 Nbd5 21. a3 b6 22. Ba2 Rd8 23. Ke1 Rd7 24. Bc4 a5 25. g4 Kf8 26. Bb5 Rc7 27. Nc3 Rc5 28. e4 1-0

[Event "BEL-chT 1415"]
[Site "Belgium"]
[Date "2015.02.08"]
[Round "8.5"]
[White "Hautot, Stephane"]
[Black "Henris, Luc"]
[Result "1-0"]
[WhiteElo "2374"]
[BlackElo "2155"]
[PlyCount "45"]
[EventDate "2014.09.28"]
[EventType "team-swiss"]
[EventRounds "11"]
[EventCountry "BEL"]
[SourceTitle "EXT 2016"]
[Source "ChessBase"]
[SourceDate "2015.10.08"]
[SourceVersion "1"]
[SourceVersionDate "2015.10.08"]
[SourceQuality "1"]
[WhiteTeam "Wirtzfeld"]
[BlackTeam "Namur"]
[WhiteTeamCountry "BEL"]
[BlackTeamCountry "BEL"]

1. d4 d5 2. Nf3 Bf5 3. g3 Nc6 4. Bg2 Qd7 5. c3 Bh3 6. Bxh3 Qxh3 7. Qb3 0-0-0 8. Qa4 Nf6 9. b4 a6 10. b5 axb5 11. Qxb5 Ng4 12. Nbd2 Rd7 13. Rb1 Nd8 14. Qa4 c6 15. Qa8+ Kc7 16. Nb3 e5 17. Na5 b5 18. Nxc6 Nxc6 19. Rxb5 Qg2 20. Rf1 Rd8 21. Qb7+ Kd6 22. Ba3+ Ke6 23. Qxc6+ 1-0

[Event "BEL-chT 1415"]
[Site "Belgium"]
[Date "2014.11.16"]
[Round "4.5"]
[White "Broekmeulen, Jasper"]
[Black "Henris, Luc"]
[Result "1-0"]
[WhiteElo "2425"]
[BlackElo "2155"]
[PlyCount "63"]
[EventDate "2014.09.28"]
[EventType "team-swiss"]
[EventRounds "11"]
[EventCountry "BEL"]
[SourceTitle "EXT 2015"]
[Source "ChessBase"]
[SourceDate "2014.11.20"]
[SourceVersion "1"]
[SourceVersionDate "2014.11.20"]
[SourceQuality "1"]
[WhiteTeam "Amay"]
[BlackTeam "Namur"]
[WhiteTeamCountry "BEL"]
[BlackTeamCountry "BEL"]

1. Nf3 f5 2. g3 Nf6 3. Bg2 d6 4. 0-0 e5 5. d4 Nbd7 6. dxe5 dxe5 7. Nc3 Bb4 8. Bd2 c6 9. e4 Bxc3 10. Bxc3 Nxe4 11. Bxe5 Nxe5 12. Nxe5 Qxd1 13. Raxd1 0-0 14. Rfe1 Nf6 15. f4 Re8 16. Rd6 Nd7 17. Kf2 Nxe5 18. Rxe5 Rf8 19. h4 a5 20. a4 Kf7 21. Bf1 Re8 22. Bc4+ Kf8 23. h5 Rxe5 24. fxe5 Ke7 25. h6 g5 26. Rf6 b5 27. axb5 cxb5 28. Bd5 Ra6 29. Rf7+ Ke8 30. Rxh7 Be6 31. Rg7 Bxd5 32. h7 1-0

[Event "Charleroi op"]
[Site "Charleroi"]
[Date "2012.08.01"]
[Round "6"]
[White "Kveinys, Aloyzas"]
[Black "Henris, Luc"]
[Result "1-0"]
[WhiteElo "2523"]
[BlackElo "2192"]
[PlyCount "73"]
[EventDate "2012.07.28"]
[EventType "swiss"]
[EventRounds "9"]
[EventCountry "BEL"]
[SourceTitle "CBM 149 Extra"]
[Source "ChessBase"]
[SourceDate "2012.08.24"]
[SourceVersion "1"]
[SourceVersionDate "2012.08.24"]
[SourceQuality "1"]

1. c4 f5 2. Nf3 d6 3. d4 Nf6 4. g3 g6 5. Bg2 Bg7 6. 0-0 0-0 7. Nbd2 Qe8 8. Re1 e5 9. dxe5 dxe5 10. e4 Nc6 11. h3 f4 12. b3 fxg3 13. fxg3 Qe7 14. Nf1 Be6 15. Bg5 h6 16. Bd2 Nh5 17. Kh2 Nd4 18. Ne3 c6 19. Rf1 Rad8 20. Qe1 Rf7 21. Rd1 Rdf8 22. Nh4 Kh7 23. Bc1 Rxf1 24. Nxf1 Bf6 25. Nf3 Nxf3+ 26. Bxf3 Ng7 27. Qe2 Rd8 28. h4 h5 29. Rxd8 Qxd8 30. Qe3 Bf7 31. Qxa7 Qd7 32. Qe3 Ne6 33. Bxh5 Bxh4 34. Qh6+ Kg8 35. Bxg6 Nf8 36. Bf5 Qd3 37. Qxh4 1-0

[Event "La Fere op 10th"]
[Site "La Fere"]
[Date "2011.07.04"]
[Round "4.24"]
[White "Henris, Luc"]
[Black "Dernoncourt, Christophe"]
[Result "1-0"]
[WhiteElo "2189"]
[BlackElo "1772"]
[PlyCount "45"]
[EventDate "2011.07.02"]
[EventType "swiss"]
[EventRounds "9"]
[EventCountry "FRA"]
[SourceTitle "EXT 2012"]
[Source "ChessBase"]
[SourceDate "2011.11.24"]
[SourceVersion "1"]
[SourceVersionDate "2011.11.24"]
[SourceQuality "1"]

1. e4 e5 2. f4 Nc6 3. Nf3 d6 4. Bc4 Nf6 5. Nc3 Bg4 6. d3 a6 7. a3 Be7 8. h3 Bxf3 9. Qxf3 Nd4 10. Qf2 Nh5 11. Bxf7+ Kxf7 12. fxe5+ Ke8 13. 0-0 dxe5 14. Qf7+ Kd7 15. Qxh5 Nxc2 16. Rd1 Bf6 17. Nd5 Kc8 18. Bd2 Nd4 19. Bc3 Nb3 20. Bxe5 Bxe5 21. Qxe5 Nd2 22. Rac1 c6 23. Kf2 1-0

[Event "SA-2011-0-00182"]
[Site "LSS email"]
[Date "2011.03.09"]
[Round "?"]
[White "Schroeder, Christoph"]
[Black "Henris, Luc"]
[Result "1/2-1/2"]
[WhiteElo "2150"]
[BlackElo "2189"]
[PlyCount "56"]
[EventDate "2011.02.07"]
[EventType "tourn (corr)"]
[EventRounds "6"]
[EventCountry "GER"]
[SourceTitle "Telechess CBM 151"]
[Source "ChessBase"]
[SourceDate "2012.11.13"]
[SourceVersion "1"]
[SourceVersionDate "2012.11.13"]
[SourceQuality "1"]

1. e4 e5 2. Nf3 d6 3. d4 exd4 4. Nxd4 Nf6 5. Nc3 Be7 6. Bf4 0-0 7. Qd2 d5 8. Ndb5 Bb4 9. 0-0-0 c6 10. Nc7 Nxe4 11. Qe3 Nxc3 12. bxc3 Ba3+ 13. Kb1 Na6 14. Bxa6 bxa6 15. Nxa8 Qa5 16. c4 dxc4 17. Be5 Re8 18. Bc3 Qb5+ 19. Ka1 Rxe3 20. Rd8+ Bf8 21. fxe3 Qb7 22. Rb1 Qxa8 23. Be5 c5 24. Rb8 Qe4 25. Bd6 h5 26. Rxf8+ Kh7 27. Rfxc8 Qxc2 28. Bxc5 Qc1+ 1/2-1/2

[Event "SA-2011-0-00182"]
[Site "LSS email"]
[Date "2011.03.09"]
[Round "?"]
[White "Vasquez Nigro, Dario Javier"]
[Black "Henris, Luc"]
[Result "1-0"]
[WhiteElo "2098"]
[BlackElo "2189"]
[PlyCount "83"]
[EventDate "2011.02.07"]
[EventType "tourn (corr)"]
[EventRounds "6"]
[EventCountry "GER"]
[SourceTitle "Telechess CBM 147"]
[Source "ChessBase"]
[SourceDate "2012.03.16"]
[SourceVersion "1"]
[SourceVersionDate "2012.03.16"]
[SourceQuality "1"]

1. e4 e5 2. Nf3 Nc6 3. Bb5 f5 4. Nc3 fxe4 5. Nxe4 d5 6. Nxe5 dxe4 7. Nxc6 Qg5 8. Qe2 Nf6 9. f4 Qxf4 10. d4 Qd6 11. Ne5+ c6 12. Bc4 Be6 13. c3 Be7 14. 0-0 0-0 15. Bg5 Rae8 16. Rae1 Kh8 17. Bxe6 Qxe6 18. Qc4 Bd6 19. Bxf6 gxf6 20. Qxe6 Rxe6 21. Nc4 Bc7 22. Rf5 Kg7 23. Ne3 Kg6 24. g4 Rd8 25. Kf2 Rd7 26. Rh5 h6 27. Nf5 Bf4 28. Ke2 Rh7 29. Nh4+ Kg7 30. h3 Bc7 31. Nf5+ Kg6 32. c4 c5 33. d5 Ra6 34. Ke3 Be5 35. Rb1 Rxa2 36. d6 Bxb2 37. Kxe4 b6 38. Rd1 Ra1 39. Rxa1 Bxa1 40. Rxh6+ Rxh6 41. Nxh6 Be5 42. Nf5 1-0

[Event "SA-2011-0-00182"]
[Site "LSS email"]
[Date "2011.03.08"]
[Round "?"]
[White "Henris, Luc"]
[Black "Santo, Moises"]
[Result "1-0"]
[WhiteElo "2189"]
[BlackElo "1827"]
[PlyCount "50"]
[EventDate "2011.02.07"]
[EventType "tourn (corr)"]
[EventRounds "6"]
[EventCountry "GER"]
[SourceTitle "Telechess CBM 151"]
[Source "ChessBase"]
[SourceDate "2012.11.13"]
[SourceVersion "1"]
[SourceVersionDate "2012.11.13"]
[SourceQuality "1"]

1. e4 e5 2. f4 exf4 3. Bc4 Qh4+ 4. Kf1 d6 5. d4 Be6 6. Bd3 g5 7. Nf3 Qh5 8. h4 h6 9. Kg1 g4 10. Ne1 f3 11. gxf3 Bd7 12. Nc3 Ne7 13. Be3 Rg8 14. f4 Qa5 15. Qd2 Bg7 16. b4 Qxb4 17. Rb1 Qa5 18. Rxb7 Nbc6 19. Bc4 Rb8 20. Rxb8+ Nxb8 21. f5 Nbc6 22. Bb3 h5 23. Kg2 Bf6 24. Kg3 Qb6 25. Na4 Qb7 1-0

[Event "SA-2011-0-00182"]
[Site "LSS email"]
[Date "2011.03.08"]
[Round "?"]
[White "Moreira, Jose Americo Paiva"]
[Black "Henris, Luc"]
[Result "1/2-1/2"]
[WhiteElo "2045"]
[BlackElo "2189"]
[PlyCount "144"]
[EventDate "2011.02.07"]
[EventType "tourn (corr)"]
[EventRounds "6"]
[EventCountry "GER"]
[SourceTitle "Telechess CBM 147"]
[Source "ChessBase"]
[SourceDate "2012.03.16"]
[SourceVersion "1"]
[SourceVersionDate "2012.03.16"]
[SourceQuality "1"]

1. f4 e5 2. fxe5 Nc6 3. Nf3 g5 4. d4 g4 5. Ng5 d6 6. exd6 Qxd6 7. d5 Nb4 8. Nc3 Bg7 9. Nge4 Qg6 10. a3 Bf5 11. axb4 Bxe4 12. Nxe4 Qxe4 13. Qd3 Nf6 14. Qxe4+ Nxe4 15. e3 f5 16. Bd3 Rf8 17. 0-0 0-0-0 18. Rxa7 Kb8 19. Ra3 Rxd5 20. Bc4 Rdd8 21. b5 g3 22. Rd3 gxh2+ 23. Kxh2 Be5+ 24. Kg1 Ng3 25. Rfd1 Ne2+ 26. Kf2 Rxd3 27. cxd3 Nxc1 28. Rxc1 f4 29. e4 h6 30. Rh1 Rf6 31. Rh5 Bxb2 32. e5 Rg6 33. Rf5 Rg7 34. Kf3 Rg3+ 35. Ke4 Rxg2 36. d4 Rg4 37. b6 cxb6 38. Rf8+ Ka7 39. e6 Ba3 40. Rd8 b5 41. Bxb5 Kb6 42. Bf1 Rg7 43. Rc8 Rg1 44. Be2 Re1 45. Rc2 Bd6 46. Kf5 Rb1 47. Rc3 Rb4 48. Ke4 Rb2 49. Bg4 Rb5 50. Rh3 Kc6 51. Be2 Rb2 52. Rc3+ Kb6 53. Kd5 Be7 54. Bf3 Rb1 55. Ke5 Re1+ 56. Be4 Re3 57. Rc1 f3 58. Rb1+ Ka5 59. Rf1 Kb6 60. Rb1+ Ka5 61. Rf1 Kb6 62. Kd5 Ra3 63. Bxf3 Ra5+ 64. Ke4 Kc7 65. Rb1 Kd6 66. Rb6+ Kc7 67. Rb1 Kd6 68. Rxb7 Kxe6 69. d5+ Kf6 70. Rb6+ Kg5 71. Ke5 Ra4 72. d6 Bxd6+ 1/2-1/2